000 00335nam a22001217a 4500
040 _cSY
082 _a630
100 _aក្រសួង
245 _aព្រឹត្តិបត្រ័ស្ថិតិនិងសិក្សាកសិកម្ម
260 _aRUA
_bក្រសួង
_c1993
300 _a43p.
942 _cKB
999 _c9798
_d9798